00749nam a2200217 a 450000100060000000300090000600800410001501500210005602000150007704000280009208200180012010000450013824500710018326000420025430000200029650500310031660000680034765000260041565000400044165100500048124237CO-ViMGA141112s2004 ck r 000 u spa d ack - 1999 - xxxx a9588271460 aCO-ViMGAbspacCO-ViMGA04a923.582 S175f1 aSarmiento, Domingo Faustino, 1811 - 188810aFacundo, civilización y barbarie / cDomingo Faustino Sarmiento. aMéxico : bEditorial Porrua, c1977 a288 p. ; 17 cm. aincluye indice cronologico aQuiroga, Juan Facundo, 1790 - 1835 Crítica e interpretación14aArgentina - Historia 14aQuiroga, Juan Facundo - Biografias  aArgentina - Política y gobierno - Siglo XIX